000 00528nam a2200193Ia 4500
005 20240301113101.0
008 131103s9999 xx 000 0 und d
040 _aLoreto College
041 _aEnglish
082 _a371.2
_bBOW
100 _aBowles,Frank H.
245 _aHow to Get into College,
_cFrank H.Bowles
250 _a3rd rev.ed.
260 _aNew York
_bE.P.Dutton
_c1963
300 _a185 p.
_b ill.,tables
650 _aSchool Administration,Schools and their activities
850 _aLCLIB
942 _cBK
999 _c9067
_d59546